000 00383nam a2200121Ia 4500
008 220615s9999||||xx |||||||||||||| ||und||
245 0 _aEvapotranspiration
_bRemote Sensing and Modeling
546 _aEnglish[eng]
650 _aHydrology & the hydrosphere
700 _aIrmak, Ayse
856 _uhttps://mts.intechopen.com/storage/books/200/authors_book/authors_book.pdf
942 _cEB
999 _c16471
_d16471